[Event "Campeonato Brasileiro Amador 2017 Under"]
[Site "?"]
[Date "2017.10.12"]
[Round "1.1"]
[White "Fajardo Freire, Joao Alfredo C"]
[Black "Goncalves, Marcus Vinicius M"]
[Result "1-0"]
[WhiteElo "2151"]
[BlackElo "1970"]
[PlyCount "111"]
[EventDate "2017.10.12"]

1. e4 d6 2. d4 Nf6 3. Nc3 c6 4. f4 Bg4 5. Qd2 Qa5 6. f5 e5 7. h3 Nxe4 8. Nxe4
Qxd2+ 9. Nxd2 Bxf5 10. dxe5 Bxc2 11. Ngf3 Nd7 12. Nd4 Bg6 13. e6 Ne5 14. exf7+
Bxf7 15. Be2 O-O-O 16. O-O Bd5 17. N2f3 Be7 18. Nxe5 dxe5 19. Bg4+ Kb8 20. Ne6
Rdg8 21. Bg5 Bd6 22. h4 h6 23. Be3 Re8 24. Nc5 b6 25. Nb3 g5 26. h5 Rhf8 27.
Rxf8 Rxf8 28. Nd2 Kc7 29. b3 a5 30. Nc4 c5 31. Rd1 Bxc4 32. bxc4 e4 33. Rf1 Bf4
34. Re1 Re8 35. Bf5 Bg3 36. Rd1 Bf4 37. Bxf4+ gxf4 38. Kf2 Re5 39. Bg6 Kc6 40.
a4 Kc7 41. Re1 Kd6 42. Rxe4 Rxe4 43. Bxe4 Ke5 44. Bc6 Kd4 45. Bb5 Ke4 46. Ke2
Ke5 47. Kf3 Kf5 48. Bd7+ Ke5 49. Be8 Kd4 50. Kxf4 Kxc4 51. Ke3 Kb3 52. Kd2 Kb2
53. Bb5 Kb3 54. g4 c4 55. Kc1 c3 56. g5 1-0

[Event "Campeonato Brasileiro Amador 2017 Under2"]
[Site "?"]
[Date "2017.10.12"]
[Round "1.2"]
[White "Damaceno, Mateus Lima"]
[Black "Loureiro, Anderson Felix"]
[Result "0-1"]
[WhiteElo "1947"]
[BlackElo "2129"]
[PlyCount "84"]
[EventDate "2017.10.12"]

1. d4 Nf6 2. c4 g6 3. Nc3 Bg7 4. e4 d6 5. Be2 O-O 6. Nf3 Na6 7. O-O e5 8. Be3
Nh5 9. dxe5 dxe5 10. Qb3 Nf4 11. Rfd1 Qe8 12. Bf1 c6 13. c5 Nc7 14. Rd6 Qe7 15.
Ne1 Ne8 16. Rd2 Ne6 17. Qa3 f5 18. f3 Nf6 19. Rad1 fxe4 20. Nxe4 Nxe4 21. fxe4
Nd4 22. Bc4+ Kh8 23. Nc2 Bg4 24. Rf1 Be6 25. Rxf8+ Rxf8 26. Bxe6 Qxe6 27. Ne1
Qc4 28. Qd3 Qxa2 29. Bxd4 exd4 30. Nf3 Qa1+ 31. Qf1 Qa5 32. Rc2 Bh6 33. h3 Be3+
34. Kh1 Qa4 35. Qd1 Rd8 36. Ne5 Kg7 37. Rd2 Qb4 38. Rc2 Qb3 39. Nd3 Rf8 40. e5
h5 41. Qe2 h4 42. Qd1 Qxc2 0-1

[Event "Campeonato Brasileiro Amador 2017 Under"]
[Site "?"]
[Date "2017.10.12"]
[Round "1.3"]
[White "De Sousa, Matheus Mazim"]
[Black "Yoshioka, Andre"]
[Result "0-1"]
[WhiteElo "2120"]
[BlackElo "1947"]
[PlyCount "32"]
[EventDate "2017.10.12"]

1. e4 c5 2. Nf3 Nc6 3. c3 d5 4. exd5 Qxd5 5. d4 Bg4 6. Be2 e6 7. O-O cxd4 8.
cxd4 Nf6 9. Nc3 Qa5 10. h3 Bh5 11. Ne5 Bxe2 12. Nxc6 Qxc3 13. Qxe2 Qxc6 14. Bg5
Be7 15. Rac1 Qd7 16. Qe5 Qd5 0-1

[Event "Campeonato Brasileiro Amador 2017 Under2"]
[Site "?"]
[Date "2017.10.12"]
[Round "1.4"]
[White "Guimaraes, Artemis Pamela"]
[Black "Bortoloso, Moacir Canella"]
[Result "1-0"]
[WhiteElo "1942"]
[BlackElo "2079"]
[PlyCount "73"]
[EventDate "2017.10.12"]

1. e4 c5 2. Nf3 e6 3. d4 cxd4 4. Nxd4 Nc6 5. c4 Nf6 6. Nc3 d6 7. Be2 a6 8. O-O
Be7 9. Be3 O-O 10. Qd2 Ne5 11. f3 Qc7 12. Rfc1 b6 13. a4 Bb7 14. a5 bxa5 15.
Nb3 Nc6 16. Nd5 exd5 17. cxd5 Qd7 18. dxc6 Bxc6 19. Nxa5 Bb5 20. Nc4 Qe6 21.
Nb6 Rad8 22. Bxb5 axb5 23. Rc6 Nd7 24. Nd5 Ne5 25. Rc7 Bf6 26. Nf4 Qe8 27. Nd5
Qe6 28. Bd4 Rc8 29. Nxf6+ Qxf6 30. Rxc8 Rxc8 31. f4 Qh6 32. Qc3 Nc4 33. b3 Qxf4
34. bxc4 Qxe4 35. Re1 Qa8 36. Qg3 f6 37. Re7 1-0

[Event "Campeonato Brasileiro Amador 2017 Under2"]
[Site "?"]
[Date "2017.10.12"]
[Round "1.6"]
[White "De Almeida, Guilherme Pereira"]
[Black "Vargas, Goncalo Cintra"]
[Result "0-1"]
[WhiteElo "1874"]
[BlackElo "2054"]
[PlyCount "110"]
[EventDate "2017.10.12"]

1. Nf3 f5 2. e4 fxe4 3. Ng5 Nf6 4. d3 d5 5. dxe4 Nc6 6. exd5 Qxd5 7. Qxd5 Nxd5
8. Bc4 e6 9. c3 Be7 10. O-O h6 11. Nf3 Bd7 12. Nbd2 O-O-O 13. Ne4 Rhf8 14. Rd1
Nf4 15. Be3 Na5 16. Bf1 Bc6 17. Rxd8+ Bxd8 18. Nfd2 b6 19. b4 Nb7 20. b5 Be8
21. Nc4 Bg6 22. f3 Nd5 23. Bd4 Bf6 24. Ne5 Bxe5 25. Bxe5 Nf6 26. Nxf6 gxf6 27.
Bf4 h5 28. Rd1 e5 29. Bh6 Rf7 30. Bc4 Re7 31. Bf8 Re8 32. Bg7 Nd6 33. Bd5 f5
34. Bc6 Re7 35. Bf8 Re6 36. Bh6 Be8 37. Bxe8 Rxe8 38. a4 Kd7 39. Bc1 Ke6 40.
Ba3 Nc4 41. Bb4 Nb2 42. Rc1 Rd8 43. a5 Rd1+ 44. Rxd1 Nxd1 45. axb6 axb6 46. Kf1
Kd5 47. h3 Kc4 48. g4 fxg4 49. fxg4 hxg4 50. h4 Ne3+ 51. Kf2 Nf5 52. h5 e4 53.
Bf8 e3+ 54. Ke1 g3 55. h6 g2 0-1

[Event "Campeonato Brasileiro Amador 2017 Under2"]
[Site "?"]
[Date "2017.10.12"]
[Round "1.7"]
[White "Frois, Vitor Amorim"]
[Black "Gobbo Junior, Jose Arildo"]
[Result "1/2-1/2"]
[WhiteElo "2045"]
[BlackElo "1846"]
[PlyCount "80"]
[EventDate "2017.10.12"]

1. e4 c5 2. Nf3 g6 3. d4 cxd4 4. Nxd4 Bg7 5. c4 Nc6 6. Be3 Nf6 7. Nc3 O-O 8.
Be2 d6 9. O-O Nxd4 10. Bxd4 Bd7 11. Qd2 Bc6 12. Bd3 a5 13. Rfe1 Nd7 14. Bxg7
Kxg7 15. Re3 Nf6 16. Rae1 Qc7 17. Rh3 h5 18. Qg5 Qb6 19. Re2 Qd4 20. Rd2 Qe5
21. Qxe5 dxe5 22. Nd5 e6 23. Nxf6 Kxf6 24. Bc2 Rfd8 25. Rf3+ Ke7 26. Rxd8 Rxd8
27. Rd3 Rxd3 28. Bxd3 Kd6 29. f3 Kc5 30. Kf2 Kd4 31. Ke2 f5 32. exf5 exf5 33.
Kd2 e4 34. Be2 e3+ 35. Kc2 f4 36. b3 Bd7 37. Bd3 g5 38. Bg6 h4 39. h3 Bc6 40.
Bf5 b6 1/2-1/2

[Event "Campeonato Brasileiro Amador 2017 Under2"]
[Site "?"]
[Date "2017.10.12"]
[Round "1.8"]
[White "Silva, Fabio Alcantara Mart"]
[Black "Moreira, Ronaldo Alonso"]
[Result "0-1"]
[WhiteElo "1800"]
[BlackElo "2043"]
[PlyCount "114"]
[EventDate "2017.10.12"]

1. Nf3 d6 2. d4 Nd7 3. Bf4 Ngf6 4. e3 g6 5. Bc4 c6 6. Ng5 d5 7. Bd3 Nh5 8. Qf3
Nxf4 9. Qxf4 Nf6 10. Nd2 Bg7 11. Ndf3 O-O 12. Ne5 h6 13. Ngxf7 Rxf7 14. Bxg6
Rf8 15. Qh4 Qd6 16. Bd3 Ne4 17. f3 Qb4+ 18. c3 Nxc3 19. O-O Ne2+ 20. Bxe2 Bxe5
21. Qxh6 Bg7 22. Qg5 Qd6 23. g4 Qf6 24. Qh5 Qh6 25. Qxh6 Bxh6 26. f4 Bd7 27.
Rac1 Kh8 28. g5 Bg7 29. h4 Bf5 30. h5 Rg8 31. Kf2 Kh7 32. Rh1 e6 33. Rcg1 Bf8
34. Bg4 Bd6 35. Rg3 c5 36. Bxf5+ exf5 37. g6+ Kh6 38. dxc5 Bxc5 39. Rd1 Rad8
40. Rg5 Rge8 41. Rd3 d4 42. exd4 Rxd4 43. Rxd4 Bxd4+ 44. Kf1 Rf8 45. Ke2 Bxb2
46. Kf2 Bd4+ 47. Kg3 b5 48. Kf3 a5 49. Ke2 Kg7 50. Kd3 Ba1 51. Rg1 Bf6 52. Rb1
Rd8+ 53. Ke3 b4 54. Rc1 Bc3 55. Rc2 Rd1 56. Rh2 a4 57. Kf3 Rd3+ 0-1

[Event "Campeonato Brasileiro Amador 2017 Under"]
[Site "?"]
[Date "2017.10.12"]
[Round "1.9"]
[White "Reis Junior, Evandro De Laet"]
[Black "Simao Vasconcellos, Pedro Augu"]
[Result "1-0"]
[WhiteElo "2039"]
[BlackElo "1741"]
[PlyCount "73"]
[EventDate "2017.10.12"]

1. d4 Nf6 2. Nf3 g6 3. Bf4 Bg7 4. Nc3 d5 5. Qd2 O-O 6. Bh6 c5 7. Bxg7 Kxg7 8.
e3 Nc6 9. Be2 Bd7 10. O-O-O e6 11. h4 Qa5 12. Kb1 c4 13. h5 b5 14. hxg6 hxg6
15. e4 Rh8 16. e5 Ng4 17. Qf4 f5 18. exf6+ Nxf6 19. Qd6 Rad8 20. Ne5 Ne8 21.
Nxc6 Nxd6 22. Nxa5 b4 23. Nxd5 exd5 24. Bf3 Rxh1 25. Rxh1 Rb8 26. Bxd5 Rb5 27.
Bc6 Bxc6 28. Nxc6 a5 29. Re1 c3 30. Re5 Rxe5 31. dxe5 Nc4 32. bxc3 bxc3 33. a4
Kf7 34. Ka2 Ke6 35. Kb3 Nxe5 36. Nxe5 Kxe5 37. Kxc3 1-0

[Event "Campeonato Brasileiro Amador 2017 Under2"]
[Site "?"]
[Date "2017.10.12"]
[Round "2.1"]
[White "Fonseca, Luis Ernesto Serra A"]
[Black "Fajardo Freire, Joao Alfredo C"]
[Result "1/2-1/2"]
[WhiteElo "2000"]
[BlackElo "2151"]
[PlyCount "147"]
[EventDate "2017.10.12"]

1. e4 c5 2. Nf3 e6 3. d4 cxd4 4. Nxd4 Nc6 5. Nc3 Qc7 6. Be3 a6 7. Qd2 Nf6 8. f4
Bb4 9. Bd3 Na5 10. a3 Bxc3 11. Qxc3 Qxc3+ 12. bxc3 d5 13. exd5 exd5 14. Nf5
Bxf5 15. Bxf5 O-O 16. O-O Ne4 17. Rfd1 Nc4 18. Bd4 g6 19. Bg4 f5 20. Bf3 Rac8
21. a4 Ncd2 22. Rxd2 Nxd2 23. Bxd5+ Rf7 24. Ra3 Kf8 25. Bxf7 Kxf7 26. Kf2 Re8
27. Be5 Re7 28. Ra1 Ne4+ 29. Kf3 Rd7 30. Bd4 Rc7 31. Ra3 Ke6 32. Ke3 Kd5 33.
Rb3 Re7 34. Be5 Nd6 35. Kd3 Nc4 36. Bd4 Na5 37. Rb6 Nc4 38. Rb4 Na5 39. c4+ Kd6
40. Rb6+ Nc6 41. Bc3 Kc5 42. a5 Rd7+ 43. Ke3 Kxc4 44. Bd2 Re7+ 45. Kf2 Nd4 46.
Bb4 Rd7 47. c3 Nb5 48. Re6 Nxc3 49. Ba3 Ne4+ 50. Ke1 Nc3 51. Bd6 Kd5 52. Re3
Kxd6 53. Rxc3 Re7+ 54. Kd2 Re4 55. Rh3 Rxf4 56. Rxh7 Kc6 57. g3 Rd4+ 58. Ke3
Rd7 59. Rh6 Rd6 60. h4 Kd5 61. Kf4 b5 62. axb6 Rxb6 63. Kg5 Rb3 64. Rxg6 Ke5
65. Kh6 a5 66. Ra6 Rxg3 67. Rxa5+ Ke4 68. h5 f4 69. Kh7 f3 70. Ra8 Rg5 71. h6
f2 72. Ra4+ Kf3 73. Ra3+ Kg4 74. Ra4+ 1/2-1/2

[Event "Campeonato Brasileiro Amador 2017 Under2"]
[Site "?"]
[Date "2017.10.12"]
[Round "2.2"]
[White "Loureiro, Anderson Felix"]
[Black "Van Riemsdijk, Dirk D"]
[Result "0-1"]
[WhiteElo "2129"]
[BlackElo "1992"]
[PlyCount "98"]
[EventDate "2017.10.12"]

1. e4 c6 2. d3 d5 3. Nd2 e6 4. Ngf3 Nf6 5. g3 Be7 6. Bg2 O-O 7. O-O c5 8. e5
Nfd7 9. Re1 Nc6 10. Nf1 b5 11. h4 Qc7 12. Bf4 Bb7 13. h5 Qa5 14. N1h2 Rae8 15.
h6 f5 16. hxg7 Kxg7 17. c3 b4 18. Qd2 Kh8 19. c4 d4 20. Bh6 Rg8 21. Ng5 Bxg5
22. Bxg5 Rg6 23. Bf4 Reg8 24. Qe2 Qc7 25. Bf3 Ne7 26. Kg2 Bxf3+ 27. Qxf3 Qc6
28. Qxc6 Nxc6 29. Nf3 Rg4 30. Kf1 Ne7 31. Nh2 Rxf4 32. gxf4 Ng6 33. Nf3 Nxf4
34. Red1 a5 35. a3 b3 36. a4 Rb8 37. Ra3 Rb4 38. Nd2 Nxd3 39. Rxb3 Nxb2 40.
Rxb4 cxb4 41. Rb1 Nxa4 42. Ra1 Ndc5 43. Ke1 Kg7 44. Nb3 Nxb3 45. Rxa4 Kf7 46.
f4 Ke7 47. Ra2 Kd7 48. Rh2 Kc6 49. Rh6 Nc5 0-1

[Event "Campeonato Brasileiro Amador 2017 Under2"]
[Site "?"]
[Date "2017.10.12"]
[Round "2.3"]
[White "Vargas, Goncalo Cintra"]
[Black "Hoshino, Karen"]
[Result "0-1"]
[WhiteElo "2054"]
[BlackElo "1978"]
[PlyCount "46"]
[EventDate "2017.10.12"]

1. Nf3 d5 2. d4 Nf6 3. e3 c5 4. b3 e6 5. Bb2 Nc6 6. Nbd2 Bd6 7. c4 O-O 8. Rc1
cxd4 9. exd4 Re8 10. Ne5 Nd7 11. Nxd7 Bxd7 12. Bd3 e5 13. cxd5 Nb4 14. Ne4 exd4
15. O-O Bf4 16. Ra1 Nxd3 17. Qxd3 Bf5 18. Rfe1 Qxd5 19. Qf3 Bxh2+ 20. Kxh2 Bxe4
21. Qg4 Re6 22. Rad1 Rh6+ 23. Kg1 Bxg2 0-1

[Event "Campeonato Brasileiro Amador 2017 Under2"]
[Site "?"]
[Date "2017.10.12"]
[Round "2.4"]
[White "Moreira, Ronaldo Alonso"]
[Black "Guimaraes, Artemis Pamela"]
[Result "1/2-1/2"]
[WhiteElo "2043"]
[BlackElo "1942"]
[PlyCount "27"]
[EventDate "2017.10.12"]

1. d4 Nf6 2. c4 e6 3. Nc3 Bb4 4. Bg5 h6 5. Bh4 c5 6. e3 cxd4 7. exd4 O-O 8. Nf3
Be7 9. Bd3 d5 10. O-O dxc4 11. Bxc4 Nbd7 12. Ne5 Nb6 13. Bb3 a6 14. Qd2 1/2-1/2

[Event "Campeonato Brasileiro Amador 2017 Under2"]
[Site "?"]
[Date "2017.10.12"]
[Round "2.5"]
[White "Yoshioka, Andre"]
[Black "Reis Junior, Evandro De Laet"]
[Result "1/2-1/2"]
[WhiteElo "1947"]
[BlackElo "2039"]
[PlyCount "81"]
[EventDate "2017.10.12"]

1. d4 Nf6 2. c4 g6 3. Nc3 Bg7 4. e4 d6 5. f3 O-O 6. Be3 Nbd7 7. Nge2 e5 8. Qd2
c6 9. d5 cxd5 10. cxd5 a6 11. Ng3 b5 12. Be2 Nb6 13. b3 Bd7 14. O-O h5 15. Rac1
h4 16. Nh1 Nh5 17. Bg5 Bf6 18. Bxf6 Qxf6 19. Nf2 Kg7 20. Ng4 Qf4 21. Qxf4 Nxf4
22. Rfe1 f5 23. Nf2 Rac8 24. Bf1 Rc7 25. a3 Rfc8 26. Na2 a5 27. Rxc7 Rxc7 28.
Rc1 Rxc1 29. Nxc1 Na8 30. Nd1 Nc7 31. Na2 Kf6 32. Kf2 fxe4 33. fxe4 Kg5 34. b4
a4 35. Nac3 Nh5 36. Nb2 Nf4 37. h3 Nh5 38. Kf3 Kf6 39. Nbd1 Kf7 40. Nf2 Nf6 41.
Nfd1 1/2-1/2

[Event "Campeonato Brasileiro Amador 2017 Under2"]
[Site "?"]
[Date "2017.10.12"]
[Round "2.6"]
[White "Gobbo Junior, Jose Arildo"]
[Black "Felix Simoes, Rodrigo"]
[Result "0-1"]
[WhiteElo "1846"]
[BlackElo "2078"]
[PlyCount "96"]
[EventDate "2017.10.12"]

1. Nf3 Nf6 2. c4 g6 3. g3 Bg7 4. Bg2 O-O 5. O-O d6 6. d4 Nbd7 7. Nc3 e5 8. b3
Re8 9. dxe5 Nxe5 10. Nxe5 Rxe5 11. Bf4 Re8 12. Qd2 Nh5 13. Be3 c6 14. Bd4 Nf6
15. e4 Qa5 16. Nb1 Qxd2 17. Nxd2 Nxe4 18. Nxe4 Bxd4 19. Rad1 Bg7 20. Nxd6 Re7
21. Nxc8 Rxc8 22. Rfe1 Kf8 23. Rxe7 Kxe7 24. Kf1 a5 25. a4 Rd8 26. Rxd8 Kxd8
27. Ke2 Kc7 28. Kd3 Kd6 29. Bh3 f5 30. g4 Ke5 31. gxf5 gxf5 32. f3 Bh6 33. Bg2
Bf4 34. h3 h5 35. Bf1 Bh2 36. Bg2 Kf4 37. Ke2 Kg3 38. Bf1 Bg1 39. Kd3 h4 40.
Kd2 Kxf3 41. Bd3 Kf4 42. Ke2 Bc5 43. Kd1 Ke5 44. Ke2 f4 45. Bg6 Kd4 46. Bc2 Kc3
47. Bd1 Be3 48. Kf1 Kd2 0-1

[Event "Campeonato Brasileiro Amador 2017 Under2"]
[Site "?"]
[Date "2017.10.12"]
[Round "2.8"]
[White "Sano, Rafael Angelo Nobuyu"]
[Black "De Sousa, Matheus Mazim"]
[Result "1/2-1/2"]
[WhiteElo "1884"]
[BlackElo "2120"]
[PlyCount "57"]
[EventDate "2017.10.12"]

1. e4 c5 2. Nf3 Nc6 3. d4 cxd4 4. Nxd4 g6 5. Nc3 Bg7 6. Be3 Nf6 7. f3 O-O 8.
Nb3 d6 9. Qd2 Be6 10. O-O-O Na5 11. Kb1 Nc4 12. Bxc4 Bxc4 13. Bh6 b5 14. h4 Rc8
15. h5 Qc7 16. Bxg7 Kxg7 17. hxg6 fxg6 18. Nd5 Bxd5 19. exd5 Kg8 20. Nd4 Qc4
21. Ne6 Rf7 22. b3 Qc3 23. Qe2 Kh8 24. Rhe1 a5 25. Rd3 Qb4 26. Rd4 Qc3 27. Rd3
Qb4 28. Rd4 Qc3 29. Rd3 1/2-1/2

[Event "Campeonato Brasileiro Amador 2017 Under"]
[Site "?"]
[Date "2017.10.12"]
[Round "2.9"]
[White "Bortoloso, Moacir Canella"]
[Black "Silva, Fabio Alcantara Mar"]
[Result "1/2-1/2"]
[WhiteElo "2079"]
[BlackElo "1800"]
[PlyCount "105"]
[EventDate "2017.10.12"]

1. e4 d5 2. exd5 Nf6 3. d4 Nxd5 4. Be2 Bf5 5. a3 e6 6. Nf3 Bd6 7. c4 Nf4 8.
Bxf4 Bxf4 9. Nc3 Nd7 10. Qb3 O-O 11. g3 Bh6 12. h3 c5 13. Rd1 cxd4 14. Rxd4 Nc5
15. Rxd8 Nxb3 16. Rxa8 Rxa8 17. g4 Bc1 18. gxf5 Bxb2 19. Nb1 exf5 20. O-O Nc5
21. Rd1 Re8 22. Rd5 b6 23. Bd1 g6 24. Kf1 Re4 25. Be2 Rf4 26. Kg2 Kg7 27. Ne5
Re4 28. Nxf7 Rxe2 29. Nd6 Ne4 30. Nxe4 fxe4 31. Kf1 Rc2 32. Nd2 Bxa3 33. Rd7+
Kh6 34. Rxa7 Rxd2 35. Rxa3 Rc2 36. Rb3 Rxc4 37. Rxb6 Kg5 38. Re6 h5 39. Kg2 Kf5
40. Ra6 Rc2 41. Ra3 Rd2 42. Ra5+ Kf4 43. Ra4 Rd5 44. Ra3 g5 45. Rb3 g4 46. hxg4
Rg5 47. Ra3 Rxg4+ 48. Kh2 Rg5 49. Rb3 Rd5 50. Rh3 Rg5 51. Ra3 Rf5 52. Kg2 Rd5
53. Rh3 1/2-1/2

[Event "Campeonato Brasileiro Amador 2017 Under"]
[Site "?"]
[Date "2017.10.12"]
[Round "2.11"]
[White "Simao Vasconcellos, Pedro Augu"]
[Black "Damaceno, Mateus Lima"]
[Result "0-1"]
[WhiteElo "1741"]
[BlackElo "1947"]
[PlyCount "44"]
[EventDate "2017.10.12"]

1. e4 e5 2. Nf3 Nc6 3. Bc4 Bc5 4. b4 Bxb4 5. c3 Ba5 6. d4 d6 7. O-O Bb6 8. Bb2
Nf6 9. Nbd2 O-O 10. Qe2 Bg4 11. h3 Bh5 12. g4 Bg6 13. Rad1 exd4 14. cxd4 d5 15.
e5 dxc4 16. exf6 Qxf6 17. Qxc4 Rad8 18. d5 Qxb2 19. dxc6 Bd3 20. Qf4 Bxf1 21.
Kxf1 bxc6 22. Ne5 Qc2 0-1

[Event "Campeonato Brasileiro Amador 2017 Under2"]
[Site "?"]
[Date "2017.10.13"]
[Round "3.1"]
[White "Hoshino, Karen"]
[Black "Van Riemsdijk, Dirk D"]
[Result "1/2-1/2"]
[WhiteElo "1978"]
[BlackElo "1992"]
[PlyCount "99"]
[EventDate "2017.10.12"]

1. d4 d5 2. c4 dxc4 3. e3 e5 4. Bxc4 exd4 5. exd4 Nc6 6. Nf3 Bb4+ 7. Nc3 Nf6 8.
O-O O-O 9. Bg5 Bxc3 10. bxc3 Qd6 11. Qc1 Bg4 12. Bf4 Qd7 13. Ne5 Nxe5 14. Bxe5
Ne8 15. Re1 Bf5 16. a4 h6 17. Qf4 Bg6 18. Re3 Kh7 19. Qh4 Nd6 20. Bxd6 Qxd6 21.
Rae1 f6 22. Qg3 Rad8 23. Re7 Qxg3 24. fxg3 Rfe8 25. Kf2 Rxe7 26. Rxe7 c5 27. d5
b6 28. Rxa7 Be4 29. Rb7 Bxd5 30. Bxd5 Rxd5 31. Rxb6 Rd2+ 32. Kf1 Ra2 33. Rc6
Rxa4 34. Rxc5 Ra2 35. g4 Kg6 36. h3 Kf7 37. Rc7+ Kf8 38. Kg1 g6 39. Kh2 Ke8 40.
Rc6 Ke7 41. Kg3 Rd2 42. Kf3 Rd3+ 43. Kf4 Rd2 44. g3 Rd3 45. h4 g5+ 46. hxg5
hxg5+ 47. Kf5 Rf3+ 48. Kg6 Rxg3 49. Rxf6 Rxg4 50. Rf5 1/2-1/2

[Event "Campeonato Brasileiro Amador 2017 Under2"]
[Site "?"]
[Date "2017.10.13"]
[Round "3.2"]
[White "Fajardo Freire, Joao Alfredo C"]
[Black "Yoshioka, Andre"]
[Result "0-1"]
[WhiteElo "2151"]
[BlackElo "1947"]
[PlyCount "100"]
[EventDate "2017.10.12"]

1. e4 c5 2. Nf3 a6 3. c3 d5 4. exd5 Qxd5 5. d4 Bg4 6. Be2 e6 7. Be3 cxd4 8.
cxd4 Nf6 9. Nc3 Qd6 10. O-O Be7 11. Qb3 Qb4 12. Qxb4 Bxb4 13. a3 Be7 14. h3 Bh5
15. Rfd1 O-O 16. d5 exd5 17. Nxd5 Nc6 18. Nxe7+ Nxe7 19. g4 Bg6 20. Ne5 Ned5
21. Nxg6 hxg6 22. Bg5 Rfe8 23. Bf3 Re5 24. Bh4 Nf4 25. Kh2 g5 26. Bg3 Ne4 27.
Bxf4 gxf4 28. Re1 Rae8 29. Kg2 g5 30. Rad1 b5 31. b4 Kg7 32. Bxe4 Rxe4 33. Rxe4
Rxe4 34. Rd6 Rc4 35. Rxa6 Rc3 36. Ra5 f6 37. Rxb5 Rxa3 38. Rb8 Rb3 39. b5 Kh7
40. b6 Kg7 41. b7 Kh7 42. Kf1 Kg7 43. Ke1 Rb2 44. Kd1 Rb1+ 45. Kc2 Rb4 46. Kc3
Rb1 47. Kc4 Rc1+ 48. Kd5 Rd1+ 49. Ke6 Re1+ 50. Kf5 Re5# 0-1

[Event "Campeonato Brasileiro Amador 2017 Under2"]
[Site "?"]
[Date "2017.10.13"]
[Round "3.3"]
[White "Felix Simoes, Rodrigo"]
[Black "Fonseca, Luis Ernesto Serra A"]
[Result "1-0"]
[WhiteElo "2078"]
[BlackElo "2000"]
[PlyCount "83"]
[EventDate "2017.10.12"]

1. d4 Nf6 2. Bf4 d5 3. e3 e6 4. Nf3 b6 5. c3 Be7 6. Ne5 O-O 7. Nd2 Nfd7 8. Bd3
Nxe5 9. dxe5 Ba6 10. Bc2 Nd7 11. h4 f5 12. Nf3 Qe8 13. h5 c5 14. g4 fxg4 15.
Nd2 g3 16. Bxg3 Bg5 17. Qg4 Bh6 18. O-O-O Bb7 19. Rhg1 Qf7 20. f4 Rad8 21. Bh4
Rc8 22. Nf3 d4 23. Ng5 Bxg5 24. Bxg5 Kh8 25. cxd4 cxd4 26. Rxd4 Rc7 27. Kb1
Rfc8 28. Rc1 Nc5 29. Qd1 Qe8 30. h6 g6 31. Rd8 Rxd8 32. Qxd8 Qxd8 33. Bxd8 Rd7
34. Bf6+ Kg8 35. b4 Ne4 36. Ba4 Rf7 37. Bg7 Re7 38. Bc6 Nd2+ 39. Kb2 Kf7 40. b5
Nf3 41. Bf6 Bxc6 42. Bxe7 1-0

[Event "Campeonato Brasileiro Amador 2017 Under"]
[Site "?"]
[Date "2017.10.13"]
[Round "3.4"]
[White "Guimaraes, Artemis Pamela"]
[Black "Frois, Vitor Amorim"]
[Result "0-1"]
[WhiteElo "1942"]
[BlackElo "2045"]
[PlyCount "66"]
[EventDate "2017.10.12"]

1. e4 c5 2. Nf3 d6 3. d4 cxd4 4. Nxd4 Nf6 5. Nc3 a6 6. h3 e6 7. g4 Be7 8. g5
Nfd7 9. h4 b5 10. a3 Bb7 11. Be3 Nb6 12. Qh5 g6 13. Qg4 N8d7 14. h5 Ne5 15. Qh3
Rf8 16. hxg6 hxg6 17. f4 Nec4 18. Bxc4 Nxc4 19. Bf2 d5 20. Nxe6 fxe6 21. Qxe6
Qd6 22. Qxd6 Nxd6 23. exd5 Rxf4 24. Rh7 Rf7 25. Rh6 Rg7 26. Rh8+ Kd7 27. Rxa8
Bxa8 28. Be3 Nc4 29. Bd4 Rh7 30. O-O-O Bxg5+ 31. Kb1 Be3 32. Bxe3 Nxe3 33. Rg1
Rg7 0-1

[Event "Campeonato Brasileiro Amador 2017 Under"]
[Site "?"]
[Date "2017.10.13"]
[Round "3.5"]
[White "Reis Junior, Evandro De Laet"]
[Black "Moreira, Ronaldo Alonso"]
[Result "1/2-1/2"]
[WhiteElo "2039"]
[BlackElo "2043"]
[PlyCount "20"]
[EventDate "2017.10.12"]

1. d4 d6 2. Nf3 Nf6 3. Nc3 Nbd7 4. Bf4 c6 5. e4 Qc7 6. Qd2 e5 7. Bg3 Be7 8. Be2
Nh5 9. a4 O-O 10. O-O Nxg3 1/2-1/2

[Event "Campeonato Brasileiro Amador 2017 Under2"]
[Site "?"]
[Date "2017.10.13"]
[Round "3.6"]
[White "De Almeida, Guilherme Pereira"]
[Black "Loureiro, Anderson Felix"]
[Result "0-1"]
[WhiteElo "1874"]
[BlackElo "2129"]
[PlyCount "92"]
[EventDate "2017.10.12"]

1. Nf3 Nf6 2. d3 d5 3. Nbd2 c6 4. e4 Bg4 5. c3 Nbd7 6. Qc2 e5 7. Be2 Bd6 8. O-O
O-O 9. Re1 a5 10. b3 Re8 11. Nf1 Bh5 12. Ng3 Bg6 13. Bd1 Qc7 14. Nh4 Rad8 15.
Ngf5 Bf8 16. a3 dxe4 17. dxe4 Nc5 18. Bf3 Nd3 19. Rd1 Nxc1 20. Qxc1 Rxd1+ 21.
Qxd1 Bxf5 22. Nxf5 g6 23. Ne3 Bc5 24. b4 Bxe3 25. fxe3 Rd8 26. Qe1 Qb6 27. c4
axb4 28. axb4 c5 29. b5 Qe6 30. Qc3 Ne8 31. Qa5 Rd7 32. Qa8 h5 33. Qb8 Kf8 34.
Ra8 Re7 35. Be2 Qd7 36. Qa7 Qc7 37. b6 Qc6 38. Qa5 Re6 39. Rd8 Qxb6 40. Qxb6
Rxb6 41. Rd5 Rb2 42. Kf2 b6 43. Rxe5 Nd6 44. Kf3 Rb4 45. Rd5 Nxc4 46. Rd7 Ne5+
0-1

[Event "Campeonato Brasileiro Amador 2017 Under2"]
[Site "?"]
[Date "2017.10.13"]
[Round "3.8"]
[White "Damaceno, Mateus Lima"]
[Black "Sano, Rafael Angelo Nobuyu"]
[Result "1-0"]
[WhiteElo "1947"]
[BlackElo "1884"]
[PlyCount "61"]
[EventDate "2017.10.12"]

1. d4 Nf6 2. c4 e6 3. Nc3 c5 4. d5 exd5 5. cxd5 d6 6. Nf3 g6 7. Bf4 a6 8. a4
Bg7 9. h3 O-O 10. e3 Qe7 11. Bd3 Nbd7 12. O-O h6 13. Re1 Ne8 14. e4 g5 15. Bg3
Ne5 16. Nxe5 dxe5 17. a5 Bd7 18. Be2 Nd6 19. Bg4 Bb5 20. Bf5 Rfd8 21. Qg4 Bd3
22. Qd1 c4 23. Bg4 Nb5 24. Be2 Bxe2 25. Qxe2 Rac8 26. Nxb5 axb5 27. a6 bxa6 28.
Rxa6 Qc5 29. Qg4 Rc7 30. h4 gxh4 31. Bxe5 1-0

[Event "Campeonato Brasileiro Amador 2017 Under2"]
[Site "?"]
[Date "2017.10.13"]
[Round "3.9"]
[White "Tamarozi, Isabelle"]
[Black "Goncalves, Marcus Vinicius M"]
[Result "1/2-1/2"]
[WhiteElo "1928"]
[BlackElo "1970"]
[PlyCount "125"]
[EventDate "2017.10.12"]

1. e4 Nc6 2. d4 e5 3. Nf3 exd4 4. Nxd4 Qf6 5. Be3 Bc5 6. Nb5 Bxe3 7. fxe3 Kd8
8. N1c3 Nge7 9. Qd2 a6 10. Nd4 Nxd4 11. exd4 h5 12. O-O-O Qh6 13. Bc4 f6 14.
Rhf1 b5 15. Bf7 c6 16. d5 Qxd2+ 17. Rxd2 c5 18. d6 Nc6 19. Rf5 h4 20. Rxc5 Bb7
21. Rh5 Rxh5 22. Bxh5 Ne5 23. Bf3 Rc8 24. Ne2 Nc4 25. Rd4 g5 26. h3 Ke8 27.
Bh5+ Kf8 28. Bg4 Ne3 29. c3 Nxg4 30. hxg4 Kf7 31. Kd2 Rh8 32. Ng1 Bc6 33. Ke3
a5 34. Nh3 Re8 35. Nf2 a4 36. a3 Rh8 37. Rd1 Re8 38. Re1 Re6 39. Rd1 Re8 40.
Rd2 Rb8 41. Nd3 Re8 42. Nf2 Rc8 43. Rd1 Re8 44. Rd4 Rh8 45. c4 bxc4 46. Rxc4
Rb8 47. Nd3 Rb3 48. Rb4 Rxb4 49. Nxb4 Bb5 50. Nc2 Bf1 51. Kf3 Ke6 52. Ne3 Bd3
53. Nd5 Bc4 54. Ne3 Bb3 55. Nf5 Ke5 56. Ke3 Bd1 57. Nh6 Kxd6 58. Kd4 Bb3 59.
Nf5+ Kc6 60. Ne7+ Kd6 61. Nf5+ Kc6 62. Ne7+ Kd6 63. Nf5+ 1/2-1/2

[Event "Campeonato Brasileiro Amador 2017 Under2"]
[Site "?"]
[Date "2017.10.13"]
[Round "3.10"]
[White "De Sousa, Matheus Mazim"]
[Black "Bortoloso, Moacir Canella"]
[Result "1-0"]
[WhiteElo "2120"]
[BlackElo "2079"]
[PlyCount "43"]
[EventDate "2017.10.12"]

1. d4 Nf6 2. c4 e6 3. Nf3 Bb4+ 4. Nbd2 O-O 5. e3 b6 6. Bd3 d5 7. O-O Be7 8. e4
dxc4 9. Nxc4 Bb7 10. Qe2 c5 11. dxc5 bxc5 12. Rd1 g6 13. Bh6 Nc6 14. Bxf8 Qxf8
15. Rac1 Qh6 16. e5 Ne8 17. Be4 Rb8 18. Rc3 Nb4 19. Bxb7 Rxb7 20. Nd6 Bxd6 21.
exd6 Nd5 22. Rxd5 1-0